| 000 | 00570 a2200169 4500 | ||
|---|---|---|---|
| 999 |
_c6606 _d6606 |
||
| 020 | _a9780007340651 | ||
| 050 | _aPE1625 COL 2010 | ||
| 100 |
_a Hands, Penny _eeditor |
||
| 245 |
_aCollins easy learning English idioms : _b175 years of dictionary publishing / _cedited by Penny Hands, Kate Woodford |
||
| 264 |
_aGlasgow : _bCollins, _c2010. |
||
| 300 | _a314 pages ; 20 cm. | ||
| 500 | _alncludes index | ||
| 650 |
_a English language _xIdioms -- Dictionaries. |
||
| 650 |
_a English language _xIdioms. |
||
| 700 | _aWoodford Kate | ||
| 942 |
_2lcc _cREF _h1625 _iCOL _kPE |
||